| 000 | 00696nam a2200253 a 4500 | ||
|---|---|---|---|
| 001 | 2667 | ||
| 003 | CDMR | ||
| 005 | 20131031134223.0 | ||
| 008 | 130130|19851986||||||||||||||||||||spa|d | ||
| 020 | _a8401332966 | ||
| 020 | _a8401333067 | ||
| 040 |
_aCDMR _bcat _cCDMR |
||
| 100 | 1 |
_aRomero, Emilio _9456 |
|
| 245 | 1 | 4 | _aLos papeles reservados de Emilio Romero |
| 246 | _aPapeles reservados | ||
| 260 |
_aBarcelona _c1985-1986 _bPlaza & Janés |
||
| 300 | _a2 v. | ||
| 490 | 0 | _aÉpoca (Plaza&Janés) | |
| 490 | 0 | _aPolítica Española | |
| 650 | 0 | 4 |
_93246 _aEspanya _xPolítica |
| 650 | 0 | 4 |
_94248 _aEspanya _xHistòria _yS. XX |
| 650 | 0 | 4 |
_93430 _aPeriodistes _vRecull d'escrits |
| 942 |
_cMON _2udc |
||
| 999 |
_c2667 _d2667 |
||